[Event "272nd YMCA Spring A"]
[Site "Warsaw"]
[Date "2023.04.18"]
[Round "1"]
[White "Szukalski, Antoni"]
[Black "Podgorski, Maciej"]
[Result "0-1"]
[WhiteElo "1680"]
[BlackElo "1940"]
[PlyCount "102"]
[EventDate "2023.04.14"]
[EventType "tourn"]
[EventRounds "1"]
[EventCountry "POL"]
[SourceDate "2023.04.13"]

1. e4 c5 2. Nf3 Nc6 3. Nc3 g6 4. d4 cxd4 5. Nxd4 Bg7 6. Be3 Nf6 7. Nxc6 bxc6 8.
Bc4 O-O 9. O-O Qa5 10. Bb3 e6 11. f3 d5 12. exd5 cxd5 13. Ne2 Ba6 14. Re1 e5
15. c3 Rad8 16. Qc2 Rc8 17. Bf2 d4 18. c4 Nd5 19. f4 Nxf4 20. Nxf4 exf4 21. Qd3
Qc7 22. Rac1 Bb7 23. Bd1 Qb8 24. b3 Qa8 25. Bf3 Bxf3 26. gxf3 Qc6 27. b4 g5 28.
h3 Qd7 29. Kg2 f5 30. c5 g4 31. hxg4 fxg4 32. Rh1 gxf3+ 33. Kxf3 Rf5 34. Rcg1
Re8 35. Rxg7+ Kxg7 36. Qxd4+ Qxd4 37. Bxd4+ Kg6 38. a4 Rd5 39. Bf2 Kg5 40. c6
Rd3+ 41. Kg2 Rc3 42. Bxa7 Re2+ 43. Bf2 Rcc2 44. Rf1 Rxc6 45. Kf3 Ra2 46. a5
Rc3+ 47. Ke4 Rc4+ 48. Bd4 Rd2 49. Rg1+ Kh4 50. Rh1+ Kg3 51. Rg1+ Kh2 0-1

[Event "272nd YMCA Spring A"]
[Site "Warsaw"]
[Date "2023.04.14"]
[Round "1"]
[White "Polak, Michal"]
[Black "Sypula, Krzysztof"]
[Result "1-0"]
[WhiteElo "1931"]
[BlackElo "1649"]
[PlyCount "59"]
[EventDate "2023.04.14"]
[EventType "tourn"]
[EventRounds "1"]
[EventCountry "POL"]
[SourceDate "2023.04.13"]

1. d4 d6 2. Nf3 Nf6 3. g3 g6 4. Bg2 Bg7 5. O-O O-O 6. b3 Na6 7. Bb2 c5 8. d5
Nc7 9. c4 b5 10. Nbd2 Rb8 11. Qc2 bxc4 12. bxc4 Bf5 13. Qc1 Qd7 14. Nb3 Rb6 15.
Nfd2 Bh3 16. e4 Bxg2 17. Kxg2 Qa4 18. Re1 Nd7 19. Bxg7 Kxg7 20. Qc3+ f6 21. f4
Qb4 22. Qd3 Qa4 23. h4 e5 24. h5 Rg8 25. Rh1 Rb4 26. Rh3 Nf8 27. Qc3 Qd7 28.
hxg6 hxg6 29. fxe5 fxe5 30. Nxc5 1-0

[Event "272nd YMCA Spring A"]
[Site "Warsaw"]
[Date "2023.04.14"]
[Round "1"]
[White "Kasperkiewicz, Pawel"]
[Black "Kacprzak, Karol"]
[Result "1-0"]
[WhiteElo "1858"]
[BlackElo "1690"]
[PlyCount "71"]
[EventDate "2023.04.14"]
[EventType "tourn"]
[EventRounds "1"]
[EventCountry "POL"]
[SourceDate "2023.04.13"]

1. c4 e5 2. Nc3 Nc6 3. g3 Nf6 4. Bg2 Bb4 5. Nf3 Bxc3 6. bxc3 O-O 7. O-O h6 8.
d3 d6 9. Rb1 Rb8 10. Ne1 Bd7 11. Nc2 Nh7 12. e4 f5 13. exf5 Bxf5 14. Ne3 Bg6
15. Nd5 Nf6 16. f4 exf4 17. Nxf4 Bf7 18. Bh3 Re8 19. Rb2 g5 20. Ng2 Bh5 21. g4
Bg6 22. Rbf2 Nd7 23. Ne3 Nce5 24. Nf5 Kh7 25. Bg2 Bxf5 26. Rxf5 Rf8 27. d4 Rxf5
28. Rxf5 Ng6 29. Rf7+ Kh8 30. Qd3 Ndf8 31. Be4 Nf4 32. Bxf4 gxf4 33. Qh3 Qg5
34. Rf5 Qe7 35. Qxh6+ Nh7 36. Rxf4 1-0

[Event "272nd YMCA Spring A"]
[Site "Warsaw"]
[Date "2023.04.14"]
[Round "1"]
[White "Choroszej, Aleksander"]
[Black "Kasperski, Marcin"]
[Result "1/2-1/2"]
[WhiteElo "1999"]
[BlackElo "1679"]
[PlyCount "99"]
[EventDate "2023.04.14"]
[EventType "tourn"]
[EventRounds "1"]
[EventCountry "POL"]
[SourceDate "2023.04.13"]

1. d4 Nf6 2. c4 g6 3. Nc3 d5 4. cxd5 Nxd5 5. e4 Nxc3 6. bxc3 Bg7 7. Nf3 c5 8.
Rb1 Nc6 9. d5 Ne5 10. Nxe5 Bxe5 11. Qd2 O-O 12. Be2 Qa5 13. Rb3 Bd7 14. O-O b5
15. f4 Bg7 16. Kh1 c4 17. Rb4 Qc7 18. Rb1 Rfc8 19. Ba3 Be8 20. Bf3 Rab8 21. e5
Rb6 22. Bb4 Ra6 23. Rbe1 Ra4 24. Bd1 a5 25. Bxa4 axb4 26. Bd1 bxc3 27. Qxc3 Qc5
28. Bf3 b4 29. Qc2 Bb5 30. Rb1 c3 31. Rfe1 Bh6 32. g3 Bc4 33. Qe4 Bxa2 34. Rxb4
Bxd5 35. Qxd5 Qxb4 36. Qd7 Qc5 37. Rc1 e6 38. Qd3 Bf8 39. h4 Qf2 40. Be4 Ba3
41. Rc2 Qe1+ 42. Kg2 Bc5 43. Rxc3 Qg1+ 44. Kh3 Rb8 45. Rc2 Rb4 46. Qd8+ Kg7 47.
Qf6+ Kg8 48. Qd8+ Kg7 49. Qf6+ Kg8 50. Qd8+ $11 1/2-1/2

[Event "272nd YMCA Spring A"]
[Site "Warsaw"]
[Date "2023.04.12"]
[Round "1"]
[White "Kuc, Mariusz"]
[Black "Flis, Piotr"]
[Result "0-1"]
[WhiteElo "1672"]
[BlackElo "1712"]
[PlyCount "168"]
[EventDate "2023.04.14"]
[EventType "tourn"]
[EventRounds "1"]
[EventCountry "POL"]
[SourceDate "2023.04.13"]

1. e4 e5 2. Nf3 Nc6 3. d4 exd4 4. Nxd4 Bc5 5. Nxc6 Qf6 6. Qf3 bxc6 7. Nc3 d6 8.
Be3 Bb4 9. Qxf6 Nxf6 10. Bd3 O-O 11. Bd2 Bxc3 12. Bxc3 Nxe4 13. Bxe4 Re8 14.
O-O-O Rxe4 15. Rhe1 Rxe1 16. Rxe1 Be6 17. Ba5 Rc8 18. Re3 Kf8 19. Ra3 c5 20.
Bd2 Ra8 21. Ba5 Rc8 22. Bd2 Ra8 23. Ba5 c6 24. f4 Rc8 25. Kd1 f6 26. Re3 Kf7
27. Ke1 Bxa2 28. Rd3 d5 29. Ra3 Bc4 30. Kd2 h5 31. b3 Bb5 32. c4 dxc4 33. b4
cxb4 34. Bxb4 Rd8+ 35. Kc2 a6 36. Rh3 Rd5 37. Re3 a5 38. Bc3 Ba4+ 39. Kb2 Bb3
40. g3 Rd1 41. Bxa5 Rg1 42. Re2 Bd1 43. Rd2 Bf3 44. Kc3 Bd5 45. Bb6 Rh1 46. Bc5
Kg6 47. Bf8 h4 48. gxh4 Rf1 49. Rd4 Rf3+ 50. Kd2 Rf2+ 51. Ke3 Rxh2 52. f5+ Kf7
53. Bb4 Rh3+ 54. Kd2 Rf3 55. Bd6 Rxf5 56. Rf4 Rh5 57. Bb4 Re5 58. Bc3 Re8 59.
Kc1 Re2 60. Bd2 Rg2 61. Kc2 Kg6 62. Kc3 Rg3+ 63. Kc2 Kh5 64. Be1 Rg4 65. Rf5+
Kg6 66. Rf1 Bg2 67. Rf2 Bd5 68. Rh2 Rg2+ 69. Rxg2+ Bxg2 70. Kc3 Bd5 71. Kd4 Kh5
72. Bf2 g5 73. hxg5 fxg5 74. Ke3 Kg4 75. Be1 Kh3 76. Bc3 g4 77. Kf2 g3+ 78. Kg1
Kg4 79. Be5 Kf3 80. Kf1 g2+ 81. Kg1 Ke2 82. Bf4 c3 83. Bc1 c2 84. Kh2 Kf1 0-1

[Event "272nd YMCA Spring A"]
[Site "Warsaw"]
[Date "2023.04.14"]
[Round "1"]
[White "Klim, Juliusz"]
[Black "Kania, Tomasz"]
[Result "0-1"]
[WhiteElo "1709"]
[BlackElo "1697"]
[PlyCount "72"]
[EventDate "2023.04.14"]
[EventType "tourn"]
[EventRounds "1"]
[EventCountry "POL"]
[SourceDate "2023.04.13"]

1. e4 c6 2. d4 d5 3. Nc3 dxe4 4. Nxe4 Bf5 5. Ng3 Bg6 6. h4 h6 7. Nf3 e6 8. Ne5
Bh7 9. Bd3 Bxd3 10. Qxd3 Nd7 11. Bf4 Nxe5 12. Bxe5 Qa5+ 13. c3 Nf6 14. O-O Ng4
15. f4 O-O-O 16. Qf3 f5 17. b4 Qb6 18. a4 Bd6 19. Bxd6 Rxd6 20. Ne4 Rd5 21. Nc5
Qd8 22. g3 g5 23. Nxe6 Qf6 24. Rae1 gxh4 25. Re2 hxg3 $11 26. Qxg3 Rg8 27. Kh1
Qg6 28. Qh3 Rd7 29. Nc5 Re7 30. Rg2 Rge8 31. Qh4 Re3 32. Rc2 Qd6 33. Kg1 Qd5
34. Qh1 Rg3+ 35. Rg2 Ree3 36. Rc1 Rh3 0-1

[Event "272nd YMCA Spring A"]
[Site "Warsaw"]
[Date "2023.04.21"]
[Round "2"]
[White "Podgorski, Maciej"]
[Black "Kania, Tomasz"]
[Result "1-0"]
[WhiteElo "1940"]
[BlackElo "1697"]
[PlyCount "71"]
[EventDate "2023.04.14"]
[EventType "tourn"]
[EventRounds "1"]
[EventCountry "POL"]
[SourceDate "2023.04.13"]

1. e4 c5 2. Nc3 Nc6 3. Bb5 Nd4 4. Nf3 Nxb5 5. Nxb5 a6 6. Nc3 b5 7. d4 cxd4 8.
Qxd4 d6 9. Bg5 Nf6 10. Nd5 Nxd5 11. exd5 Qc7 12. O-O h6 13. Bh4 Rg8 14. Rfe1 g5
15. Bg3 f5 16. Qd3 Qc4 17. Qxc4 bxc4 18. Bxd6 Kd7 19. Ba3 Bb7 20. Rad1 Rc8 21.
Re5 c3 22. Rde1 cxb2 23. Rxe7+ Bxe7 24. Rxe7+ Kd8 25. Rxb7 Rxc2 26. Bxb2 Kc8
27. Rb3 g4 28. Nd4 Rd2 29. g3 Re8 30. Bc3 Rxa2 31. Ne6 Kd7 32. Be5 Rc8 33. Rb7+
Ke8 34. d6 Rc1+ 35. Kg2 Rcc2 36. Re7# 1-0

[Event "272nd YMCA Spring A"]
[Site "Warsaw"]
[Date "2023.05.04"]
[Round "2"]
[White "Flis, Piotr"]
[Black "Klim, Juliusz"]
[Result "1-0"]
[WhiteElo "1712"]
[BlackElo "1709"]
[PlyCount "73"]
[EventDate "2023.04.14"]
[EventType "tourn"]
[EventRounds "1"]
[EventCountry "POL"]
[SourceDate "2023.04.13"]

1. c4 e6 2. Nf3 Nf6 3. Nc3 d5 4. e3 c6 5. b3 Bd6 6. Bb2 O-O 7. d4 Nbd7 8. Be2
Re8 9. O-O dxc4 10. bxc4 e5 11. Qc2 exd4 12. exd4 Nf8 13. h3 Be6 14. Rad1 Rc8
15. Rfe1 Ng6 16. Bf1 Qa5 17. Ne4 Nxe4 18. Rxe4 Red8 19. Bc3 Qh5 20. g4 Qh6 21.
Bd2 Nf4 22. Bxf4 Bxf4 23. Rde1 Bb8 24. Qe2 Qf6 25. Bg2 h6 26. Ne5 a6 27. Qe3
Re8 28. d5 cxd5 29. cxd5 Bxe5 30. dxe6 Rxe6 31. Rxe5 Rxe5 32. Qxe5 Qxe5 33.
Rxe5 Rc1+ 34. Kh2 Ra1 35. Re8+ Kh7 36. Bd5 f6 37. Rb8 1-0

[Event "272nd YMCA Spring A"]
[Site "Warsaw"]
[Date "2023.04.21"]
[Round "2"]
[White "Kasperski, Marcin"]
[Black "Kuc, Mariusz"]
[Result "1-0"]
[WhiteElo "1679"]
[BlackElo "1672"]
[PlyCount "91"]
[EventDate "2023.04.14"]
[EventType "tourn"]
[EventRounds "1"]
[EventCountry "POL"]
[SourceDate "2023.04.13"]

1. c4 f5 2. Nc3 Nf6 3. g3 g6 4. Bg2 Bg7 5. Nf3 d6 6. O-O O-O 7. d3 Nc6 8. a3 e5
9. Qc2 Ne7 10. Bg5 c6 11. b4 Bd7 12. Rab1 h6 13. Bd2 e4 14. Nd4 d5 15. cxd5
cxd5 16. Rfc1 Rc8 17. Qb3 Kh7 18. Ncb5 Qb6 19. a4 Bxb5 20. Nxb5 Ng4 21. Be1 a6
22. Nc3 Qd4 23. e3 Qxd3 24. Bf1 Nxh2 25. Bxd3 Nf3+ 26. Kf1 exd3 27. Qd1 Ne5 28.
f4 Nc4 29. Qxd3 g5 30. Kf2 Bxc3 31. Bxc3 Nd6 32. Be5 Ne4+ 33. Kg2 Nc6 34. b5
Nxe5 35. fxe5 axb5 36. Qxb5 Rce8 37. Qxb7+ Kg6 38. Qxd5 Rd8 39. Qc6+ Kh5 40.
Rc2 Kg4 41. Rb4 Kh5 42. Rxe4 fxe4 43. Qxe4 Rd1 44. Kh3 Rf5 45. g4+ Kg6 46.
Qxf5+ 1-0

[Event "272nd YMCA Spring A"]
[Site "Warsaw"]
[Date "2023.04.21"]
[Round "2"]
[White "Kacprzak, Karol"]
[Black "Choroszej, Aleksander"]
[Result "0-1"]
[WhiteElo "1690"]
[BlackElo "1999"]
[PlyCount "72"]
[EventDate "2023.04.14"]
[EventType "tourn"]
[EventRounds "1"]
[EventCountry "POL"]
[SourceDate "2023.04.13"]

1. c4 g6 2. Nc3 Bg7 3. g3 Nf6 4. Bg2 O-O 5. Nf3 d6 6. O-O Nc6 7. d3 e5 8. Rb1
h6 9. b4 Re8 10. b5 Nb8 11. Nd2 Nbd7 12. a4 Nc5 13. Ba3 Ne6 14. Nb3 Rb8 15. Na5
h5 16. Nd5 Nh7 17. Nb4 c5 18. Nbc6 bxc6 19. Nxc6 Qc7 20. Nxb8 Qxb8 21. a5 Bb7
22. Qa4 Bxg2 23. Kxg2 Qa8+ 24. f3 Nd4 25. b6 axb6 26. Rxb6 e4 27. dxe4 Rxe4 28.
Rb8+ Qxb8 29. fxe4 Qa8 30. h4 Qxe4+ 31. Kh3 Qg4+ 32. Kg2 Qxe2+ 33. Rf2 Qe4+ 34.
Kh3 Qh1+ 35. Rh2 Qf1+ 36. Rg2 Qf5+ 0-1

[Event "272nd YMCA Spring A"]
[Site "Warsaw"]
[Date "2023.04.20"]
[Round "2"]
[White "Sypula, Krzysztof"]
[Black "Kasperkiewicz, Pawel"]
[Result "0-1"]
[WhiteElo "1649"]
[BlackElo "1858"]
[PlyCount "114"]
[EventDate "2023.04.14"]
[EventType "tourn"]
[EventRounds "1"]
[EventCountry "POL"]
[SourceDate "2023.04.13"]

1. d4 e6 2. g3 c5 3. Nf3 Nf6 4. Bg2 Nc6 5. O-O cxd4 6. Nxd4 Bc5 7. Nb3 Be7 8.
c4 O-O 9. e4 d6 10. Be3 Qc7 11. Qe2 b6 12. Nd4 Bb7 13. Nc3 a6 14. Rac1 Rac8 15.
b3 Rfd8 16. h3 Nxd4 17. Bxd4 Bc6 18. Kh2 Qb7 19. a4 e5 20. Be3 Nxe4 21. Bxe4
Bxe4 22. Bxb6 Bf3 23. Qe3 Re8 24. a5 h6 25. Rb1 Bd8 26. Na4 Bc6 27. Bxd8 Rcxd8
28. Nb6 d5 29. cxd5 Bxd5 30. Rfe1 Bc6 31. Qc5 Rd2 32. Rbc1 Re6 33. Rc2 Rxc2 34.
Qxc2 Qe7 35. Re3 Qf6 36. Nc4 g6 37. Qb2 Kh7 38. Qe2 Bb5 39. Kg1 Qf5 40. Kh2 Rf6
41. f3 h5 42. Kg2 Qb1 43. Qd2 Rc6 44. Rc3 Kg7 45. h4 Kh7 46. Qe2 Rc5 47. Qf2
Rd5 48. Ne3 Rd7 49. g4 Qa1 50. Rc2 hxg4 51. Nxg4 Rd1 52. Ne3 Rb1 53. Ra2 Qd4
54. Ng4 Rxb3 55. Qxd4 exd4 56. f4 Bc6+ 57. Kg1 Rg3+ 0-1

[Event "272nd YMCA Spring A"]
[Site "Warsaw"]
[Date "2023.04.28"]
[Round "2"]
[White "Szukalski, Antoni"]
[Black "Polak, Michal"]
[Result "1/2-1/2"]
[WhiteElo "1680"]
[BlackElo "1931"]
[PlyCount "175"]
[EventDate "2023.04.14"]
[EventType "tourn"]
[EventRounds "1"]
[EventCountry "POL"]
[SourceDate "2023.04.13"]

1. d4 Nf6 2. c4 e6 3. Nc3 Bb4 4. Qc2 d5 5. a3 Bxc3+ 6. Qxc3 dxc4 7. Qxc4 b6 8.
Bf4 Ba6 9. Qc3 Nd5 10. Qd2 Nd7 11. g3 Nxf4 12. Qxf4 Bb7 13. Nf3 O-O 14. Bg2 c5
15. O-O cxd4 16. Qxd4 Qe7 17. b4 Rfd8 18. Qb2 b5 19. Ne5 Bxg2 20. Kxg2 Nxe5 21.
Qxe5 Qb7+ 22. Kg1 Rd5 23. Qf4 Rad8 24. Rac1 e5 25. Qf3 Qe7 26. Rc2 e4 27. Qe3
g6 28. Rfc1 Qe6 29. Kg2 h5 30. h3 a6 31. Rc6 R5d6 32. Qb6 Kh7 33. Qxd8 Rxc6 34.
Rxc6 Qxc6 35. e3 Qe6 36. Qf8 Qf5 37. h4 Qf6 38. Kg1 Qg7 39. Qe7 Qa1+ 40. Kg2
Qa2 41. Qxe4 Qxa3 42. Qd5 Qxb4 43. Qxf7+ Kh6 44. Qf6 Qe4+ 45. Kg1 Qb7 46. Qh8+
Qh7 47. Qf6 Qb7 48. Qh8+ Qh7 49. Qf6 Qg7 50. Qxa6 b4 51. Qb5 Qe7 52. Kf1 Qe4
53. Ke2 Qc2+ 54. Ke1 Qc1+ 55. Ke2 Qc2+ 56. Ke1 Qc3+ 57. Ke2 Kg7 58. Qd3 Qb2+
59. Qd2 Qa3 60. Qd4+ Kh7 61. Qd7+ Kh6 62. Qd4 Qa2+ 63. Kd3 Qb3+ 64. Kd2 Qa2+
65. Kd3 Qb3+ 66. Kd2 Kh7 67. Qd7+ Kh6 68. Qd4 Kh7 69. Qd7+ Kh6 70. Qd4 Qa2+ 71.
Kd3 Qa6+ 72. Kc2 Qa4+ 73. Kd3 Kh7 74. Qb2 Qb5+ 75. Kc2 Qc4+ 76. Kd2 Kg8 77. Qf6
Qa2+ 78. Kd3 Qb3+ 79. Kd2 Qa2+ 80. Kd3 Qd5+ 81. Kc2 Qa2+ 82. Kd3 Qb3+ 83. Kd2
Kh7 84. Qe7+ Kg8 85. Qe8+ Kg7 86. Qe7+ Kh6 87. Qg5+ Kh7 88. Qe7+ 1/2-1/2

[Event "272nd YMCA Spring A"]
[Site "Warsaw"]
[Date "2023.05.17"]
[Round "3"]
[White "Polak, Michal"]
[Black "Podgorski, Maciej"]
[Result "0-1"]
[WhiteElo "1931"]
[BlackElo "1940"]
[PlyCount "126"]
[EventDate "2023.04.14"]
[EventType "tourn"]
[EventRounds "1"]
[EventCountry "POL"]
[SourceDate "2023.04.13"]

1. d4 Nf6 2. Nf3 e6 3. g3 b6 4. Bg2 Bb7 5. O-O d5 6. c4 dxc4 7. Qa4+ Nbd7 8.
Ne5 Bxg2 9. Kxg2 a6 10. Qc6 Be7 11. Bf4 O-O 12. Qxc4 Nxe5 13. Bxe5 Nd5 14. e4
f6 15. exd5 fxe5 16. Nc3 exd4 17. Qxd4 Bf6 18. Qe4 exd5 19. Nxd5 Re8 20. Qc4
Kh8 21. Rad1 c5 22. Ne3 Qc8 23. Rd6 b5 24. Qc2 Qb7+ 25. Kg1 Qf3 26. Qxc5 Bxb2
27. Qd5 Qf8 28. Rd1 Ba3 29. Rd7 Bc5 30. Rf7 Qg8 31. Nf5 Rad8 32. Rd7 Rxd7 33.
Qxg8+ Kxg8 34. Rxd7 Re1+ 35. Kg2 Re2 36. Rxg7+ Kf8 37. Rg5 Rxf2+ 38. Kh3 Rxa2
39. Rh5 Bg1 40. Kg4 Rxh2 41. Nh4 Kg7 42. Rd5 Ra2 43. Kf5 Rf2+ 44. Kg4 Rf6 45.
Rd7+ Kg8 46. Kg5 Rf7 47. Rd8+ Rf8 48. Rd6 Bc5 49. Rxa6 Be7+ 50. Kg4 Bxh4 51.
gxh4 Rb8 52. Ra3 b4 53. Rb3 Kf7 54. Kg5 Rb6 55. Kh5 Ke7 56. Kg5 Kd7 57. h5 h6+
58. Kf5 Kd6 59. Rb1 b3 60. Rxb3 Rxb3 61. Kg6 Ke6 62. Kxh6 Kf6 63. Kh7 Rh3 0-1

[Event "272nd YMCA Spring A"]
[Site "Warsaw"]
[Date "2023.05.09"]
[Round "3"]
[White "Kasperkiewicz, Pawel"]
[Black "Szukalski, Antoni"]
[Result "1-0"]
[WhiteElo "1858"]
[BlackElo "1680"]
[PlyCount "97"]
[EventDate "2023.04.14"]
[EventType "tourn"]
[EventRounds "1"]
[EventCountry "POL"]
[SourceDate "2023.04.13"]

1. c4 Nf6 2. Nf3 e6 3. g3 d5 4. Bg2 c5 5. O-O Nc6 6. cxd5 exd5 7. d4 h6 8. Nc3
Be6 9. Be3 Ng4 10. Bf4 Bd6 11. Bxd6 Qxd6 12. Nb5 Qe7 13. dxc5 O-O 14. Rc1 Rfd8
15. Nbd4 Rac8 16. Nxc6 bxc6 17. Nd4 Bd7 18. Qd2 Nf6 19. Qf4 Re8 20. Rfd1 Rb8
21. b3 Qe5 22. Qxe5 Rxe5 23. e3 g6 24. Rd3 Ree8 25. f3 Re7 26. Kf2 Kg7 27. Bf1
Ne8 28. Ne2 Rb4 29. Rd4 Rxd4 30. Nxd4 Nc7 31. b4 Re8 32. Rc3 a6 33. Bd3 f5 34.
Ke2 Kf6 35. Kd2 Rb8 36. Rb3 Nb5 37. Bxb5 axb5 38. Ra3 Rb7 39. Ra6 Kf7 40. Kc3
Rc7 41. a4 bxa4 42. Rxa4 Bc8 43. Ra8 Ke7 44. f4 h5 45. Nf3 Kf6 46. Rb8 Re7 47.
Kd2 Ba6 48. Rb6 Bb7 49. Ne5 1-0

[Event "272nd YMCA Spring A"]
[Site "Warsaw"]
[Date "2023.04.28"]
[Round "3"]
[White "Choroszej, Aleksander"]
[Black "Sypula, Krzysztof"]
[Result "1-0"]
[WhiteElo "1999"]
[BlackElo "1649"]
[PlyCount "65"]
[EventDate "2023.04.14"]
[EventType "tourn"]
[EventRounds "1"]
[EventCountry "POL"]
[SourceDate "2023.04.13"]

1. d4 Nf6 2. c4 d6 3. Nc3 Nbd7 4. Nf3 e5 5. g3 c6 6. Bg2 Be7 7. O-O O-O 8. e4
a6 9. a4 Rb8 10. Qe2 Re8 11. Rd1 Qc7 12. h3 Nf8 13. dxe5 dxe5 14. Nxe5 Bd6 15.
Nd3 Ne6 16. Be3 Nd7 17. f4 Nec5 18. e5 Bf8 19. Nxc5 Bxc5 20. Bxc5 Nxc5 21. b4
Nb3 22. Rab1 Qb6+ 23. Kh2 Qxb4 24. Qc2 Qxc4 25. Qxb3 Qc5 26. Ne4 Qe7 27. Nd6
Be6 28. Qc3 Rf8 29. Rb2 f6 30. f5 Bd5 31. Bxd5+ cxd5 32. Rxd5 fxe5 33. Qxe5 1-0

[Event "272nd YMCA Spring A"]
[Site "Warsaw"]
[Date "2023.04.26"]
[Round "3"]
[White "Kuc, Mariusz"]
[Black "Kacprzak, Karol"]
[Result "1-0"]
[WhiteElo "1672"]
[BlackElo "1690"]
[PlyCount "65"]
[EventDate "2023.04.14"]
[EventType "tourn"]
[EventRounds "1"]
[EventCountry "POL"]
[SourceDate "2023.04.13"]

1. e4 c6 2. d4 d5 3. Nc3 dxe4 4. Nxe4 Bf5 5. Nc5 Qb6 6. g4 Bg6 7. f4 e6 8. h4
Bxc5 9. dxc5 Qb4+ 10. Bd2 Qe4+ 11. Qe2 Qxe2+ 12. Nxe2 Bxc2 13. Bc3 Ne7 14. h5
O-O 15. Ng3 Nd5 16. Be5 h6 17. Kd2 Bh7 18. g5 hxg5 19. fxg5 Rd8 20. Ke2 Na6 21.
Rc1 Nab4 22. g6 fxg6 23. a3 Na6 24. h6 g5 25. hxg7 Nf4+ 26. Kf3 Rd5 27. Bxf4
gxf4 28. Nh5 Rxc5 29. Bc4 Nc7 30. Nf6+ Kxg7 31. Nxh7 Rxc4 32. Rxc4 Rh8 33. Rxf4
1-0

[Event "272nd YMCA Spring A"]
[Site "Warsaw"]
[Date "2023.04.19"]
[Round "3"]
[White "Klim, Juliusz"]
[Black "Kasperski, Marcin"]
[Result "1-0"]
[WhiteElo "1709"]
[BlackElo "1679"]
[PlyCount "41"]
[EventDate "2023.04.14"]
[EventType "tourn"]
[EventRounds "1"]
[EventCountry "POL"]
[SourceDate "2023.04.13"]

1. e4 d6 2. d4 g6 3. Nc3 Nf6 4. f4 Bg7 5. Nf3 O-O 6. e5 dxe5 7. fxe5 Nd5 8. Bc4
Nxc3 9. bxc3 c6 10. O-O Na6 11. Ng5 e6 12. Qf3 Qe7 13. Qh3 h5 14. Ne4 f5 15.
exf6 Bxf6 16. Rxf6 Rxf6 17. Bg5 c5 18. Nxf6+ Kh8 19. Rf1 e5 20. Qh4 cxd4 21.
Nxh5 1-0

[Event "272nd YMCA Spring A"]
[Site "Warsaw"]
[Date "2023.04.28"]
[Round "3"]
[White "Kania, Tomasz"]
[Black "Flis, Piotr"]
[Result "0-1"]
[WhiteElo "1697"]
[BlackElo "1712"]
[PlyCount "56"]
[EventDate "2023.04.14"]
[EventType "tourn"]
[EventRounds "1"]
[EventCountry "POL"]
[SourceDate "2023.04.13"]

1. e4 e6 2. d4 d5 3. Nd2 dxe4 4. Nxe4 Bd7 5. Nf3 Bc6 6. Ng3 Nf6 7. Bd3 Be7 8.
O-O O-O 9. Ne5 Qd5 10. Nxc6 Nxc6 11. c3 Rad8 12. Qe2 Rfe8 13. Re1 e5 14. Bc4
Qd7 15. d5 Nxd5 16. Qf3 Nf6 17. Ne4 Na5 18. Nxf6+ Bxf6 19. Bb3 Nxb3 20. axb3 e4
21. Qh5 a6 22. Bf4 g6 23. Qc5 c6 24. Qb6 Qf5 25. Bc7 Rd2 26. Ra5 Qd7 27. Bf4
Bd8 28. Qe3 Rd3 0-1

[Event "272nd YMCA Spring A"]
[Site "Warsaw"]
[Date "2023.05.05"]
[Round "4"]
[White "Podgorski, Maciej"]
[Black "Flis, Piotr"]
[Result "1-0"]
[WhiteElo "1940"]
[BlackElo "1712"]
[PlyCount "103"]
[EventDate "2023.04.14"]
[EventType "tourn"]
[EventRounds "1"]
[EventCountry "POL"]
[SourceDate "2023.04.13"]

1. e4 e5 2. Nf3 Nc6 3. Bc4 Nf6 4. d3 Bc5 5. O-O d6 6. a4 a5 7. Be3 Bxe3 8. fxe3
O-O 9. Nc3 Ne7 10. Qe1 Be6 11. Rd1 Ng6 12. Nh4 Nxh4 13. Qxh4 Bxc4 14. dxc4 Nd7
15. Qh5 Nf6 16. Qh3 Qd7 17. Qf3 Qg4 18. Nd5 Qxf3 19. gxf3 Nxd5 20. Rxd5 f5 21.
c5 fxe4 22. fxe4 Rxf1+ 23. Kxf1 Ra6 24. Ke2 Rc6 25. cxd6 cxd6 26. Kd3 b6 27. c4
Kf7 28. Kc3 Ke6 29. b4 axb4+ 30. Kxb4 Kd7 31. Rd1 Kc7 32. Rf1 Kb7 33. h4 Rc7
34. h5 Kc6 35. Rf8 Re7 36. Rh8 h6 37. Rf8 Rc7 38. Rg8 Rf7 39. a5 bxa5+ 40. Kxa5
Rf1 41. Rxg7 Rh1 42. Kb4 Rxh5 43. Ra7 Rh1 44. Ra6+ Kd7 45. Kc3 Rg1 46. Kd3 Rg6
47. c5 Re6 48. c6+ Kc7 49. Kc4 h5 50. Kb5 Re8 51. Ra7+ Kb8 52. Kb6 1-0

[Event "272nd YMCA Spring A"]
[Site "Warsaw"]
[Date "2023.05.05"]
[Round "4"]
[White "Kasperski, Marcin"]
[Black "Kania, Tomasz"]
[Result "1/2-1/2"]
[WhiteElo "1679"]
[BlackElo "1697"]
[PlyCount "60"]
[EventDate "2023.04.14"]
[EventType "tourn"]
[EventRounds "1"]
[EventCountry "POL"]
[SourceDate "2023.04.13"]

1. c4 e5 2. g3 Nf6 3. Bg2 Bc5 4. Nf3 e4 5. Ng5 Bxf2+ 6. Kxf2 Ng4+ 7. Kg1 Qxg5
8. h3 Nf6 9. Kh2 Qc5 10. b3 h5 11. e3 h4 12. Nc3 hxg3+ 13. Kg1 Nc6 14. Bb2 d6
15. Nxe4 Nxe4 16. Bxe4 Qg5 17. Qf3 Bd7 18. Kg2 O-O-O 19. Qxg3 Qe7 20. Bd5 Rh6
21. Kf2 Nb4 22. Ke2 Nxd5 23. cxd5 Rg6 24. Qf3 Rh8 25. Raf1 f6 26. Ke1 Rgh6 27.
Bd4 Kb8 28. h4 Bb5 29. Rfg1 Bd3 30. Rg4 Re8 $11 1/2-1/2

[Event "272nd YMCA Spring A"]
[Site "Warsaw"]
[Date "2023.05.16"]
[Round "4"]
[White "Kacprzak, Karol"]
[Black "Klim, Juliusz"]
[Result "0-1"]
[WhiteElo "1690"]
[BlackElo "1709"]
[PlyCount "86"]
[EventDate "2023.04.14"]
[EventType "tourn"]
[EventRounds "1"]
[EventCountry "POL"]
[SourceDate "2023.04.13"]

1. c4 Nf6 2. Nc3 e6 3. e4 d5 4. e5 Ne4 5. Nxe4 dxe4 6. Qg4 f5 7. exf6 Qxf6 8.
Qxe4 Bc5 9. Nf3 Nc6 10. Be2 Bd7 11. Qh4 Qxh4 12. Nxh4 O-O 13. O-O Nd4 14. Bd1
Bc6 15. d3 Be7 16. Be3 Rad8 17. Bxd4 Rxd4 18. Nf3 Rxd3 19. Be2 Rd6 20. Rad1
Rfd8 21. Rxd6 Rxd6 22. Rd1 Bf6 23. b3 Kf7 24. Rxd6 cxd6 25. Bd3 g6 26. Nd2 d5
27. Kf1 Bc3 28. Nb1 Ba5 29. a3 a6 30. g3 Kf6 31. f4 h6 32. Ke2 Bc7 33. Nc3 g5
34. cxd5 exd5 35. f5 Be5 36. Kd2 h5 37. b4 h4 38. gxh4 gxh4 39. h3 d4 40. Nd1
Bd7 41. Nf2 Bf4+ 42. Ke2 Bxf5 43. Ng4+ Kg5 0-1

[Event "272nd YMCA Spring A"]
[Site "Warsaw"]
[Date "2023.04.25"]
[Round "4"]
[White "Sypula, Krzysztof"]
[Black "Kuc, Mariusz"]
[Result "1-0"]
[WhiteElo "1649"]
[BlackElo "1672"]
[PlyCount "67"]
[EventDate "2023.04.14"]
[EventType "tourn"]
[EventRounds "1"]
[EventCountry "POL"]
[SourceDate "2023.04.13"]

1. c4 f5 2. Nf3 Nf6 3. g3 g6 4. Bg2 Bg7 5. Nc3 d6 6. d4 O-O 7. O-O Qe8 8. Qb3
c6 9. Rd1 h6 10. Qa3 Qf7 11. d5 cxd5 12. cxd5 Nbd7 13. Be3 Ne5 14. Nxe5 dxe5
15. Bc5 Re8 16. Nb5 e4 17. Nc7 Bd7 18. Nxa8 Nxd5 19. Qxa7 Bc6 20. Nb6 Bxb2 21.
Nxd5 Bxd5 22. Bd4 Bxa1 23. Bxa1 e5 24. a3 Bc4 25. Qe3 Kh7 26. f4 exf3 27. exf3
f4 28. gxf4 exf4 29. Qd4 b5 30. Bh3 g5 31. Qc3 Re7 32. Qc2+ Kg8 33. Rd8+ Re8
34. Qc3 1-0

[Event "272nd YMCA Spring A"]
[Site "Warsaw"]
[Date "2023.05.10"]
[Round "4"]
[White "Szukalski, Antoni"]
[Black "Choroszej, Aleksander"]
[Result "0-1"]
[WhiteElo "1680"]
[BlackElo "1999"]
[PlyCount "76"]
[EventDate "2023.04.14"]
[EventType "tourn"]
[EventRounds "1"]
[EventCountry "POL"]
[SourceDate "2023.04.13"]

1. e4 g6 2. d4 Bg7 3. Nf3 d6 4. h3 Nd7 5. Nc3 a6 6. a4 b6 7. Bd3 Bb7 8. Be3 e5
9. O-O Ngf6 10. dxe5 dxe5 11. Qd2 O-O 12. Bh6 Qe7 13. Qg5 Rfe8 14. Bxg7 Kxg7
15. Rfe1 h6 16. Qc1 Nc5 17. Qe3 Rad8 18. Rad1 $11 Qe6 19. Kh2 Qc6 20. Ra1 Nxd3
21. cxd3 Qd6 22. Red1 Nd7 23. g3 Nc5 24. Ne1 Nb3 25. Ra3 Nd4 26. Ne2 f5 27. f3
fxe4 28. fxe4 Rf8 29. Nxd4 exd4 30. Qe2 Bc8 31. Nf3 Rf7 32. Rf1 Rdf8 33. Nd2
Rxf1 34. Nxf1 Qf6 35. Ra1 Qf2+ 36. Qxf2 Rxf2+ 37. Kg1 Rxb2 38. g4 a5 0-1